000 00963nam a22003253a 4500
001 16398479
003 OSt
005 20141028092347.0
008 870629s1984 flu 000 0 eng d
010 _a 98812699
020 _a0939286033 :
_c$2.95
035 _a(OCoLC)ocm16101005
040 _aCLE
_cCLE
_dDLC
050 0 0 _aBJ 1611
_b.St918 1984
082 _aM 230.044
_bSt8 1984
100 1 _aStringfellow, Bill.
245 1 0 _aYou can go up /
_cBill and Dee Stringfellow
260 _aClermont, FL :
_bConcerned Publications,
_cc1984.
300 _a144 p. ;
_c18 cm.
526 _c1210L to 1700L
562 _efor circulation. 1 copy available in the collection
650 0 _aConduct of life.
650 0 _aSuccess.
650 0 _aPrayer.
700 1 _aStringfellow, Dee.
710 2 _aCopyright Paperback Collection (Library of Congress)
_5DLC
906 _a7
_bcbc
_ccopycat
_d2
_encip
_f19
_gy-genrareb
942 _2lcc
_cBK
999 _c15106
_d15106